000 01267nam a2200241Ia 4500
999 _c53461
_d53461
001 20505
003 GE_BSU
005 20210111003631.0
008 181216s1957||||ge |||||||||||||| || ||
040 _cGE_BSU
041 _ageo
080 _a811.353.1-26(072) შ-19
100 _aშალამბერიძე, გ.
_98035
245 _aილია ჭავჭავაძის ენის შესწავლა სკოლაში /
_cგ. შალამბერიძე ; რედ. მ. ჩინჩალაძე.
264 _aთბილისი :
_bინ-ტის გამ-ბა,
_c1957.
300 _a142 გვ. ;
_c20 სმ.
504 _aბიბლიოგრ. შენიშვნებში
541 _h25 კ.
653 _aილია ჭავჭავაძის ენის შესწავლა სკოლაში
700 _aჩინჩალაძე, მ.
_eრედაქტორი
_910032
710 _aსაქართველოს სსრ განათლების სამინისტროს პედაგოგიურ მეცნიერებათა სამეცნიერო-საკვლევი ინსიტუტი
_910033
942 _cBK
_2udc